Obscure College Logos - Statistics

General Stats
  • This quiz has been taken 250 times
    249 since last reset
  • The average score is 10 of 12
Answer Stats
Picture Answer % Correct
Tulane
95%
Ball State
89%
Troy
88%
Coastal Carolina
84%
North Texas
84%
San Jose St
83%
Toledo
82%
Middle Tennessee
80%
Arkansas State
71%
Delaware
71%
Southern Miss
71%
Western Michigan
69%
No matching quizzes found
Score Distribution
Percent of People with Each Score
Percentile by Number Answered
Your Score History
You have not taken this quiz since the last reset